书目信息 |
| 题名: |
花卉风景装饰画
|
|
| 作者: | 梁巨庚 著 | |
| 分册: | ||
| 出版信息: | 北京 中国纺织出版社 2007.07 |
|
| 页数: | 220页 | |
| 开本: | 29cm | |
| 丛书名: | ||
| 单 册: | ||
| 中图分类: | J522.3 | |
| 科图分类: | ||
| 主题词: | 装饰美术--zhuang shi mei shu--绘画--中国--现代--作品集 | |
| 电子资源: | ||
| ISBN: | 978-7-5064-4385-2 | |
| 000 | 00902nam0 2200241 450 | |
| 001 | 012007076933 | |
| 005 | 20071228100241.53 | |
| 010 | @a978-7-5064-4385-2@dCNY38.00 | |
| 100 | @a20071228d2007 km y0chiy0120 ea | |
| 101 | 0 | @achi |
| 102 | @aCN@b110000 | |
| 105 | @aa z 000yy | |
| 106 | @ar | |
| 200 | 1 | @a花卉风景装饰画@Ahua hui feng jing zhuang shi hua@d= Flower & landscape decoration art@f梁巨庚著@Fliang ju geng zhu@zeng |
| 210 | @a北京@c中国纺织出版社@d2007.07 | |
| 215 | @a220页@c图@d29cm | |
| 330 | @a本书中将近1000幅的装饰画作品诠释了一个丰富多彩的植物、风景世界。其中的花卉,风景各具特色,或华丽、或淳朴、交相辉映、栩栩如生。 | |
| 510 | 1 | @aFlower & landscape decoration art@zeng |
| 606 | 0 | @a装饰美术@Azhuang shi mei shu@x绘画@y中国@z现代@j作品集 |
| 690 | @aJ522.3@v4 | |
| 701 | 0 | @a梁巨庚@Aliang ju geng@4著 |
| 801 | 0 | @aCN@bQSSK@c20071228 |
| 905 | @b273458-60@dJ522.3@eL400@f3 | |
| 花卉风景装饰画= Flower & landscape decoration art/梁巨庚著.-北京:中国纺织出版社,2007.07 |
| 220页:图;29cm |
| ISBN 978-7-5064-4385-2:CNY38.00 |
| 本书中将近1000幅的装饰画作品诠释了一个丰富多彩的植物、风景世界。其中的花卉,风景各具特色,或华丽、或淳朴、交相辉映、栩栩如生。 |
| ● |
| 相关链接 |
|
|
|
正题名:花卉风景装饰画
索取号:J522.3/L400
 
预约/预借
| 序号 | 登录号 | 条形码 | 馆藏地/架位号 | 状态 | 备注 |
| 1 | 273458 | 202734586 | 社科库309/309社科库 86排3列3层/ [索取号:J522.3/L400] | 在馆 | |
| 2 | 273459 | 202734595 | 社科库309/309社科库 86排3列3层/ [索取号:J522.3/L400] | 在馆 | |
| 3 | 273460 | 202734602 | 期刊室512/309社科库 87排3列2层/ [索取号:J522.3/L400] | 在馆 |